00682nam a2200217 a 4500008004100000020001800041050001500059100002000074245011300094250001800207260003300225300003600258500002300294650002400317650002300341650001900364700001900383700002100402700002400423700001700447220113s2017 ||||||||||||||||| || u a9780123850072 aRC 143 Foo aRiemann P. Hans10aFoodborne diseasescChristine E.R. Dodd ; Tim Aldworth ; Richard A. Stein ; Dean O. Cliver ; Hans P. Riemann aThird edition aLondonbAcademic Pressc2017 axxvii, 546 pages :illustrations aIncludes an index. aFOODBORNE ILLNESSES aFOODBORNE DISEASES aFOOD POISONING aCliver O. Dean aStein A. Richard aDodd E.R. Christine aAldworth Tim